00471nam a2200193Ia 4500008004100000020001800041245003300059245003000092245001900122260001500141260001600156260000900172300001500181300002500196300001000221440001900231500000800250999001900258170705s9999 xx 000 0 und d a9780545425957 4aThe magical animal fairies : bAshley the dragon fairy / cDaisy Meadows. aNew York : bScholastic, c2009 a65 pages : bcolor illustration ; c19cm. aRainbow magic. a750 c336401d336401